Normal view
MARC view
- John J Macionis
Entry Personal Name
001 - CONTROL NUMBER
- control field: 53324
003 - CONTROL NUMBER IDENTIFIER
- control field: NUST
005 - DATE AND TIME OF LATEST TRANSACTION
- control field: 20210421115705.0
008 - FIXED-LENGTH DATA ELEMENTS
- fixed length control field: 210421|| aca||aabn | a|a d
040 ## - CATALOGING SOURCE
- Original cataloging agency: NUST
- Transcribing agency: NUST
100 ## - HEADING--PERSONAL NAME
- Personal name: John J Macionis
670 ## - SOURCE DATA FOUND
- Source citation: Work cat.: (NUST): John J Macionis, Sociology, 1989
